| 000 | 01072naa a2200313 c 4500 | ||
|---|---|---|---|
| 001 | 36375 | ||
| 003 | ES-MaCES | ||
| 005 | 20060425094200.0 | ||
| 008 | 060425n2006 xxk t 000 | eng d | ||
| 035 | _aCES20060006411v | ||
| 040 |
_aES-MaCES _bspa _cES-MaCES |
||
| 100 | 1 |
_aLiu, Yuting _916674 |
|
| 245 | 1 | 4 |
_aThe state, institutional transition and the creation of new urban poverty in China _cYuting Liu, Fulong Wu |
| 500 | _aResumen en inglés | ||
| 504 | _aBibliografía: 134-137 | ||
| 650 | 4 |
_aChina _926909 |
|
| 650 | 4 |
_acondiciones de vida _927111 |
|
| 650 | 4 |
_aestructura industrial _928380 |
|
| 650 | 4 |
_adesempleo _928308 |
|
| 650 | 4 |
_amigración rural _928639 |
|
| 650 | 4 |
_adesarrollo urbano _928619 |
|
| 650 | 4 |
_apobreza _927112 |
|
| 653 | 1 | 0 | _aCondiciones económicas |
| 700 | 1 |
_aWu, Fulong _926393 |
|
| 773 | 0 |
_tSocial Policy and Administration _gvol. 40, no. 2 (Apr. 2006){10210 R. 063837}; p. 121-137 _w(ES-MaCES)25226 _943919 |
|
| 902 | _aART Artículo de revista | ||
| 942 |
_2CES _cAR _h0.0. |
||
| 999 |
_c36375 _d36375 |
||